000 01155nam a22002777a 4500
005 20240530110357.0
008 150114s2009 ua o f 000 0aara d
017 _a2008/13630
_bمصر . دار الكتب المصرية
020 _a9789770924628
040 _aEG-CaGPL
041 0 _aara
082 0 4 _221
_a923.2
_bق/ ا غ
100 0 _aاحمد مرتضى المراغى
245 1 0 _aغرائب من عهد فاروق و بداية الثورة المصرية :
_bمذكرات اخر وزير داخلية قبل الثورة /
_cاحمد مرتضى المراغى
250 _aط1
260 _aالقاهرة :
_bدار الشروق ،
_c2009
300 _a177 ص :
_bصور ؛
_c24 سم
650 0 4 _aمصر
_xتاريخ
_yالعصر الحديث
_yالملك فاروق ( 1936 - 1952 م )
650 0 4 _aالصهيونية
_zمصر
650 0 4 _aالشيوعية
_zمصر
650 0 4 _aحريق القاهرة
650 0 4 _aمصر
_xتاريخ
_yالعصر الحديث
_yثورة 1952 م
650 0 4 _aالاحوال السياسية
_zمصر
_yالملك فاروق
942 _2ddc
_cBK
999 _c60197
_d60197